New species and a new combination in Rubiaceae from Central and South America (Registro nro. 10007)

Detalles MARC
000 -CABECERA
Campo de control 007360000a22002050004500
090 ## - CLASIFICACIÓN LOCAL
Colección AR
Consecutivo 00919
041 0# - IDIOMA
Código de idioma para texto/pista de sonido o título separado
100 1# - ASIENTO PRINCIPAL--NOMBRE PERSONAL
Nombre personal Taylor, Charlotte M.
245 10 - MENCION DE TITULO
Título New species and a new combination in Rubiaceae from Central and South America
650 14 - ASIENTO SECUNDARIO DE MATERIA - TERMINO TEMATICO
Término temático o nombre geográfico como elemento de entrada Vegetación
650 14 - ASIENTO SECUNDARIO DE MATERIA - TERMINO TEMATICO
Término temático o nombre geográfico como elemento de entrada Nuevas especies
650 14 - ASIENTO SECUNDARIO DE MATERIA - TERMINO TEMATICO
Término temático o nombre geográfico como elemento de entrada Taxonomía vegetal
651 #4 - ASIENTO SECUNDARIO DE MATERIA - NOMBRE GEOGRAFICO
-- América del Sur
653 ## - TERMINO DE INDIZACION - NO CONTROLADO
-- Rubiaceae
-- Alibertia
-- Alibertia premontana
653 ## - TERMINO DE INDIZACION - NO CONTROLADO
-- Rubiaceae
-- Pentagonia
-- Pentagonia involucrata
653 ## - TERMINO DE INDIZACION - NO CONTROLADO
-- Rubiaceae
-- Remijia
-- Remijia unifora
653 ## - TERMINO DE INDIZACION - NO CONTROLADO
-- Rubiaceae
-- Rudgea
-- Rudgea sanblasensis
773 1# - Item fuente:
Título Novon: a Journal for Botanical Nomenclature
Especificación de materiales 56
Descripción física 2
Paginas del Articulo 215-220
Lugar, editorial y fecha de publicación 1996
Información sobre la relación 6
942 ## - ELEMENTOS ADICIONALES (KOHA)
Tipo de ítem Artículo
Existencias
Withdrawn status Lost status Damaged status No para préstamo Colección Ubicación Permanente Ubicación actual Fecha de adquisición Fuente de Valor Datos de publicación Seriada Total Checkouts Número topográfico Inventario / Código de Barras Date last seen Ejemplar Price effective from Forma de adquisición Tipo de material
      No para Préstamo Hemeroteca Bogotá Bogotá 27/02/2015 Curso indicadores Fuera de circulación   AR 00919 011212 25/03/2015 1 25/03/2015   Artículo